| 000 | 00555nam a22001817a 4500 | ||
|---|---|---|---|
| 001 | T027600007460 | ||
| 008 | 181111b xve|||||r|||| 00| | esp d | ||
| 099 |
_aIVP-D-03994 _b |
||
| 100 | _aCONSEJO REGIONAL DE COOPERACIÓN AGRÍCOLA | ||
| 245 | _aPrograma de Comercio Intrarregional y Exportaciones Hacia Terceros Países. 6. | ||
| 260 | _a | ||
| 500 | _a | ||
| 650 | _aDesarrollo Social--Participación Comunitaria | ||
| 650 | _aDesarrollo Económico | ||
| 650 | _aEspañol. | ||
| 700 |
_aGRUPO INTERNACIONAL DEL SECTOR AGRÍCOLA _e |
||
| 942 | _cLIB | ||
| 999 |
_c8588 _d8588 |
||